000 00784nam a22002177a 4500
005 2008102006036.0
008 081020t xxu||||| |||| 00| 0 eng d
010 _aENG-84123
020 _a8183240658
020 _c295.00 (hb)
035 _aEN-67656
082 _a371.207 / MEH
100 _aMehrotra, Anju
245 _aLeadership styles of principals:
_bauthoritarian and task oriented /
_cby Anju Mehrotra
260 _aNew Delhi
_bMittal Publications
260 _c2005
300 _axv,128p
_c22cm
500 _aIncludes bibliographical references and index
942 _2ddc
_cEN
_h371.207
_mMEH
999 _c17089
_d17089